000 00400nam a2200157Ia 4500
008 210210b1985 xxu||||| |||| 00| 0 eng d
082 _a590.3 MILE
100 _aMILES (Alfred H), Ed.
245 _aEncyclopedia of natural history.Vol.2
260 _aDelhi
_bK Mittal
_c1985
300 _a529-771
440 _a2
650 _aEncycopedia of natural history
690 _aZoology
906 _a036908
999 _c87377
_d87377